<?xml version="1.0" encoding="UTF-8"?>
<record
    xmlns:xsi="http://www.w3.org/2001/XMLSchema-instance"
    xsi:schemaLocation="http://www.loc.gov/MARC21/slim http://www.loc.gov/standards/marcxml/schema/MARC21slim.xsd"
    xmlns="http://www.loc.gov/MARC21/slim">

  <leader>00388nam a2200121 a 4500</leader>
  <controlfield tag="001">ASINB009W58JXO</controlfield>
  <controlfield tag="005">20140804210200.0</controlfield>
  <controlfield tag="008">140804s1900    xxu                 eng d</controlfield>
  <datafield tag="100" ind1="1" ind2=" ">
    <subfield code="a">Graham, Frank D.</subfield>
  </datafield>
  <datafield tag="245" ind1="1" ind2="0">
    <subfield code="a">New electric science dictionary /</subfield>
    <subfield code="c">Frank D. Graham.</subfield>
  </datafield>
  <datafield tag="300" ind1=" " ind2=" ">
    <subfield code="a">1 v. (unpaged)</subfield>
  </datafield>
  <datafield tag="856" ind1="4" ind2="0">
    <subfield code="3">Amazon.com</subfield>
    <subfield code="u">http://www.amazon.com/exec/obidos/ASIN/B009W58JXO/chopaconline-20</subfield>
  </datafield>
  <datafield tag="999" ind1=" " ind2=" ">
    <subfield code="c">8464</subfield>
    <subfield code="d">8464</subfield>
  </datafield>
  <datafield tag="952" ind1=" " ind2=" ">
    <subfield code="0">0</subfield>
    <subfield code="1">0</subfield>
    <subfield code="4">0</subfield>
    <subfield code="7">0</subfield>
    <subfield code="a">QUESTCL</subfield>
    <subfield code="b">QUESTCL</subfield>
    <subfield code="d">2014-08-04</subfield>
    <subfield code="o">621.3103GRA</subfield>
    <subfield code="p">23337</subfield>
    <subfield code="r">2014-08-04</subfield>
    <subfield code="w">2014-08-04</subfield>
    <subfield code="y">BK</subfield>
  </datafield>
  <datafield tag="952" ind1=" " ind2=" ">
    <subfield code="0">0</subfield>
    <subfield code="1">0</subfield>
    <subfield code="4">0</subfield>
    <subfield code="7">0</subfield>
    <subfield code="a">QUESTCL</subfield>
    <subfield code="b">QUESTCL</subfield>
    <subfield code="d">2015-05-06</subfield>
    <subfield code="g">60.00</subfield>
    <subfield code="o">621.3103GRA</subfield>
    <subfield code="p">9969</subfield>
    <subfield code="r">2015-05-06</subfield>
    <subfield code="w">2015-05-06</subfield>
    <subfield code="y">BK</subfield>
  </datafield>
  <datafield tag="952" ind1=" " ind2=" ">
    <subfield code="0">0</subfield>
    <subfield code="1">0</subfield>
    <subfield code="4">0</subfield>
    <subfield code="7">0</subfield>
    <subfield code="a">QUESTCL</subfield>
    <subfield code="b">QUESTCL</subfield>
    <subfield code="d">2015-05-06</subfield>
    <subfield code="g">60.00</subfield>
    <subfield code="o">621.3103GRA</subfield>
    <subfield code="p">9970</subfield>
    <subfield code="r">2015-05-06</subfield>
    <subfield code="w">2015-05-06</subfield>
    <subfield code="y">BK</subfield>
  </datafield>
</record>
